| 000 | 00628nam a2200193Ia 4500 | ||
|---|---|---|---|
| 003 | GCL | ||
| 008 | 140319s9999 xx 000 0 ara d | ||
| 040 |
_aGCL / _cGCL |
||
| 082 | 0 | 4 |
_aد _b011 _bو ت |
| 100 | 1 | _aالدار المصرية للتأيف والترجمة | |
| 245 | 1 | 0 |
_aتراث الانسانية / _cالدار المصرية للتأيف والترجمة |
| 300 | _aمتعدد | ||
| 490 |
_aتراث الانسانية _v0 |
||
| 650 | 0 | 4 | _aالادب العربى |
| 650 | 0 | 4 | _aالتراث العربى |
| 650 | 0 | 4 | _aالثقافة الجماهيرية |
| 650 | 0 | 4 | _aالانسانيات |
| 942 |
_2ddc _cBK |
||
| 999 |
_c42758 _d42758 |
||